| 000 | 01238nam a2200301Ia 4500 | ||
|---|---|---|---|
| 003 | OSt | ||
| 005 | 20221005105957.0 | ||
| 006 | a|||||r|||| 00| 0 | ||
| 007 | ta | ||
| 008 | 221004b |||||||| |||| 00| 0 tam d | ||
| 020 |
_a8126020571 (hbk) _c650 |
||
| 024 | _a92815 | ||
| 037 |
_b494, 19/03/2009, Vani Prakashan _cTextual |
||
| 040 |
_aCRL _cCRL _btam |
||
| 041 |
_2tam _atam |
||
| 082 | _aO31,3M27,KK, 152P5 | ||
| 100 | _aमणिशेखरन, कोवि. | ||
| 245 | 0 | _aकुट्राल कुरिंजि | |
| 246 | _aKuṭrāl kurianji | ||
| 260 |
_aनई दिल्ली _bसाहित्य अकादेमी भारत _c2005 |
||
| 300 |
_a224पृ0 _ccm. |
||
| 490 | _aसाहित्य अकादेमी द्वारा पुरस्कृत तमिष़ उपन्यास | ||
| 650 | _a तमिल साहित्य | ||
| 650 | _aतमिल कविता | ||
| 700 |
_a कण्णन, त. शि. क., अनु. _9624023 |
||
| 942 |
_hO31,3M27,KK, 152P5 _cTEXL _2cc |
||
| 999 |
_c1017403 _d1017403 |
||